000
00265pab a2200109 454500
008
180718b xxu||||| |||| 00| 0 eng d
100
_a
Khaneja, S.R.
245
_a
Power - prospects & constraints
650
_a
Electricity
773
_a
Financial Express
909
_a
23400
999
_c
23400
_d
23400